书目信息 |
| 题名: |
技术创新原理
|
|
| 作者: | 吴贵生 著 | |
| 分册: | ||
| 出版信息: | 北京 清华大学出版社 2000.02 |
|
| 页数: | 250页 | |
| 开本: | 23cm | |
| 丛书名: | ||
| 单 册: | ||
| 中图分类: | F273.1 | |
| 科图分类: | ||
| 主题词: | 企业经济 | |
| 电子资源: | ||
| ISBN: | 7-302-01205-9 | |
| 000 | 00532nam0 2200193 45 | |
| 001 | 0430088348 | |
| 005 | 2004042908212829 | |
| 010 | @a7-302-01205-9@dCNY 20.00 | |
| 100 | @a20040429d2000 km y0chiy0120 ea | |
| 101 | 0 | @achi |
| 102 | @aCN@b110000 | |
| 200 | 1 | @a技术创新原理@AJi Shu Chuang Xin Yuan Li@f吴贵生著@FWu Gui Sheng Zhu |
| 210 | @a北京@c清华大学出版社@d2000.02 | |
| 215 | @a250页@d23cm | |
| 606 | 0 | @a企业经济 |
| 690 | @aF273.1@v3 | |
| 701 | 0 | @a吴贵生@AWu Gui Sheng@4著 |
| 801 | 0 | @aCN@bPFT@c20040429 |
| 905 | @dF273.1@eW786 | |
| 技术创新原理/吴贵生著.-北京:清华大学出版社,2000.02 |
| 250页;23cm |
| ISBN 7-302-01205-9:CNY 20.00 |
| ● |
| 相关链接 |
|
|
|
正题名:技术创新原理
索取号:F273.1/W786
 
预约/预借
| 序号 | 登录号 | 条形码 | 馆藏地/架位号 | 状态 | 备注 |
| 1 | 381943 | 203819430 | 管理学院资料室/ [索取号:F273.1/W786] | 在馆 | |
| 2 | 381944 | 203819449 | 管理学院资料室/ [索取号:F273.1/W786] | 在馆 | |
| 3 | 381945 | 203819458 | 社科库409/ [索取号:F273.1/W786] | 在馆 |